000 00637nam a2200241Ia 4500
001 dia_2474
003 CHAP
005 20251027145440.0
008 220117s2001 xx 000 0 und d
010 _a172997
040 _cCHAP
082 _a664 W3
100 _aWatson, David H.
_9121194
245 _aFood Chemical Safety /
_c by David H. Watson
260 _aCambridge England :
_b Crc Press,
_c2001
300 _aV. 1
500 _aI.216835
650 _a1.Alimentos
_xseguridad.
_9152969
901 _a664 W3
902 _aM
905 _a0000002001 CAMX 0000000000ING00
942 _cLIBRO
_2ddc
999 _c172997
_d172997